[Event "Hasselbacken Open 2019"]
[Site "Stockholm"]
[Date "2019.11.03"]
[Round "7.10"]
[White "Walinder, Lars"]
[Black "Hardarson, Jon Trausti"]
[Result "1-0"]
[WhiteElo "2299"]
[BlackElo "2098"]
[Annotator "ChessBase"]
[PlyCount "104"]
[EventDate "2019.11.01"]
[EventCountry "SWE"]
[SourceTitle "playchess.com"]
[Source "ChessBase"]
[SourceQuality "1"]
[TimeControl "5400+30"]

1. c4 {[%emt 0:00:00]} c5 {[%emt 0:13:46]} 2. Nf3 {[%emt 0:01:04]} Nc6 {[%emt 0:01:50]} 3. d4 {[%emt 0:00:19]} cxd4 {[%emt 0:00:14]} 4. Nxd4 {[%emt 0:00:07]} g6 {[%emt 0:00:22]} 5. e4 {[%emt 0:00:25]} Bg7 {[%emt 0:00:10]} 6. Be3 {[%emt 0:00:09]} Nf6 {[%emt 0:01:54]} 7. Nc3 {[%emt 0:00:14]} d6 {[%emt 0:01:23]} 8. Be2 {[%emt 0:00:23]} O-O {[%emt 0:00:13]} 9. O-O {[%emt 0:00:08]} Bd7 {[%emt 0:03:03]} 10. Qd2 {[%emt 0:00:39]} a6 {[%emt 0:04:04]} 11. f3 {[%emt 0:00:21]} Rc8 {[%emt 0:02:51]} 12. Rfd1 {[%emt 0:04:40]} Re8 {[%emt 0:03:29]} 13. Rac1 {[%emt 0:05:56]} Qa5 {[%emt 0:02:12]} 14. Nb3 {[%emt 0:22:46]} Qb4 {[%emt 0:03:01]} 15. Qc2 {[%emt 0:18:32]} Na5 {[%emt 0:04:09]} 16. c5 {[%emt 0:12:27]} Nxb3 {[%emt 0:08:55]} 17. Qxb3 {[%emt 0:02:47]} Qxb3 {[%emt 0:02:01]} 18. axb3 {[%emt 0:00:01]} Be6 {[%emt 0:04:03]} 19. cxd6 {[%emt 0:02:31]} exd6 {[%emt 0:00:05]} 20. Rxd6 {[%emt 0:01:02]} Bf8 {[%emt 0:22:09]} 21. Rd2 {[%emt 0:18:10]} Bxb3 {[%emt 0:00:28]} 22. Bd1 {[%emt 0:00:31]} Be6 {[%emt 0:02:16]} 23. Be2 {[%emt 0:02:17]} Nd7 {[%emt 0:06:15]} 24. Rdd1 {[%emt 0:00:23]} Ne5 {[%emt 0:09:41]} 25. Nd5 {[%emt 0:00:45]} Bxd5 {[%emt 0:00:41]} 26. Rxc8 {[%emt 0:00:22]} Rxc8 {[%emt 0:00:04]} 27. Rxd5 {[%emt 0:00:12]} Bg7 {[%emt 0:01:32]} 28. f4 {[%emt 0:03:02]} Nc4 {[%emt 0:02:36]} 29. Bxc4 {[%emt 0:00:54]} Rxc4 {[%emt 0:00:01]} 30. Rd8+ {[%emt 0:00:14]} Bf8 {[%emt 0:00:02]} 31. f5 {[%emt 0:00:58]} Kg7 {[%emt 0:00:58]} 32. f6+ {[%emt 0:00:16]} Kxf6 {[%emt 0:00:02]} 33. Rxf8 {[%emt 0:00:25]} Rxe4 {[%emt 0:00:02]} 34. Bd2 {[%emt 0:01:54]} Re7 {[%emt 0:01:43]} 35. Bc3+ {[%emt 0:00:34]} Kf5 {[%emt 0:00:02]} 36. Kf2 {[%emt 0:00:17]} h5 {[%emt 0:00:01]} 37. Rd8 {[%emt 0:00:34]} Rc7 {[%emt 0:01:38]} 38. Rd6 {[%emt 0:00:16]} Ke4 {[%emt 0:00:18]} 39. Rd4+ {[%emt 0:00:19]} Kf5 {[%emt 0:00:07]} 40. Kf3 {[%emt 0:00:08]} Ke6 {[%emt 0:00:45]} 41. Kf4 {[%emt 0:00:26]} Rc5 {[%emt 0:00:49]} 42. Re4+ {[%emt 0:00:26]} Kd7 {[%emt 0:00:02]} 43. Bb4 {[%emt 0:01:38]} Rf5+ {[%emt 0:00:17]} 44. Ke3 {[%emt 0:00:10]} Kc6 {[%emt 0:00:11]} 45. Rf4 {[%emt 0:00:25]} Rg5 {[%emt 0:01:29]} 46. Kf3 {[%emt 0:01:01]} Rb5 {[%emt 0:00:20]} 47. Bc3 {[%emt 0:00:08]} f5 {[%emt 0:00:10]} 48. Rc4+ {[%emt 0:00:24]} Kd5 {[%emt 0:00:59]} 49. Rd4+ {[%emt 0:00:07]} Ke6 {[%emt 0:00:36]} 50. Kf4 {[%emt 0:00:07]} Re5 {[%emt 0:00:23]} 51. Rb4 {[%emt 0:01:51]} Re2 {[%emt 0:00:22]} 52. Rb6+ {[%emt 0:00:06]} Kd5 {Ke4+} 1-0

[Event "Hasselbacken Open 2019"]
[Site "Stockholm"]
[Date "2019.11.03"]
[Round "8.1"]
[White "Peng, Li Min"]
[Black "Bogdanov, Egor"]
[Result "1/2-1/2"]
[WhiteElo "2454"]
[BlackElo "2409"]
[Annotator "TA"]
[PlyCount "39"]
[EventDate "2019.11.01"]
[EventCountry "SWE"]
[SourceTitle "playchess.com"]
[Source "ChessBase"]
[SourceQuality "1"]

{[%evp 12,39,4,-11,0,0,17,20,88,86,131,131,91,102,19,0,0,-304,0,0,0,0,0,0,0,0,0,0,0,0]} 1. d4 d5 2. Nf3 ({Predecessor:} 2. Bf4 Nf6 3. e3 c5 4. c3 Nc6 5. Nd2 e6 {½-½ (21) Brechin,H (1999)-Shaw,J (2469) Edinburgh 2009}) 2... Nf6 3. Bf4 e6 4. e3 c5 5. c3 Nc6 6. Nbd2 Bd6 7. Ne5 O-O {D02: 1 d4 d5 2 Nf3 sidelines, including 2...Nf6 3 g3 and 2...Nf6 3 Bf4} 8. Bd3 $146 (8. Nxc6 bxc6 9. dxc5 Bxc5 10. Bd3 Bd6 11. Bg5 h6 12. Bh4 a5 13. O-O Be7 14. e4 Ba6 15. Bxa6 Rxa6 {½-½ (54) Mamedyarov,S (2804)-Khachiyan,M (2522) chess.com INT 2018}) 8... Qe7 9. O-O Nd7 (9... c4 $11 10. Bc2 Qc7) 10. Nxd7 $16 ({Don't play} 10. Qh5 f5 $11) 10... Qxd7 11. Bxd6 Qxd6 12. dxc5 Qxc5 ({Black should play} 12... Qc7 $16) 13. Bxh7+ Kxh7 14. Qh5+ $1 Kg8 {[#] Hoping for ...e5.} 15. Ne4 $1 {[%cal Re4c5][%mdl 512] The position is equal.} g6 $1 {aiming for ...Qe7.} (15... dxe4 16. Qxc5) 16. Qg5 $1 (16. Nxc5 $2 {perishes.} gxh5 17. e4 b6 $19) ({Don't go for} 16. Nf6+ $2 Kg7 $19) 16... Qe7 (16... Qc4 $5 17. Nf6+ $8 Kg7 18. Nh5+ Kh7 $11) 17. Nf6+ Kg7 18. Nh5+ $1 Kh7 19. Nf6+ Kg7 20. Nh5+ $1 1/2-1/2

[Event "Hasselbacken Open 2019"]
[Site "Stockholm"]
[Date "2019.11.03"]
[Round "8.2"]
[White "Akesson, Ralf"]
[Black "Seo, Jung Min"]
[Result "1/2-1/2"]
[WhiteElo "2370"]
[BlackElo "2433"]
[Annotator "TA"]
[PlyCount "53"]
[EventDate "2019.11.01"]
[EventCountry "SWE"]
[SourceTitle "playchess.com"]
[Source "ChessBase"]
[SourceQuality "1"]

{[%evp 19,53,23,26,27,28,27,65,71,70,70,84,83,74,74,77,24,63,63,64,50,67,67,56,0,0,0,0,0,0,-10,-8,-14,-17,-33,-6,-19]} 1. d4 Nf6 2. c4 g6 3. g3 Bg7 4. Bg2 O-O 5. Nc3 d6 6. Nf3 Nc6 7. O-O a6 8. d5 Na5 9. Nd2 c5 10. Qc2 b5 11. cxb5 {E66: King's Indian: Fianchetto: 6...c5 7 0-0 Nc6 8 d5} axb5 12. Nxb5 Ba6 13. Nc3 {White is slightly better.} Qb6 14. Rb1 Nc4 $146 ({Predecessor:} 14... Nd7 15. b3 Qb4 16. Bb2 c4 17. Qe4 Nc5 18. Qxe7 cxb3 {½-½ (39) Gagunashvili,M (2579)-Bitoon,R (2413) Quezon City 2014}) 15. Nxc4 Bxc4 16. b3 Ba6 17. Bb2 (17. a4 $16) 17... Rfb8 18. Ne4 Nxe4 19. Qxe4 Ra7 20. Bxg7 Kxg7 21. a3 ({White should play} 21. Qc2 $14) 21... Qa5 $1 $11 22. b4 Qxa3 {[%cal Rb8b4]} 23. bxc5 Rxb1 24. Rxb1 {[#] Strongly threatening c6.} Qxc5 25. Bf3 Bc8 {...Bf5 is the strong threat.} 26. Qf4 {Black must now prevent Rc1.} Rc7 27. h4 {Accuracy: White = 56%, Black = 57%.} 1/2-1/2

[Event "Hasselbacken Open 2019"]
[Site "Stockholm"]
[Date "2019.11.03"]
[Round "8.3"]
[White "Torngren, Gustav"]
[Black "Roshka, Yevgeniy"]
[Result "0-1"]
[WhiteElo "2237"]
[BlackElo "2369"]
[Annotator "TA"]
[PlyCount "56"]
[EventDate "2019.11.01"]
[EventCountry "SWE"]
[SourceTitle "playchess.com"]
[Source "ChessBase"]
[SourceQuality "1"]

{[%evp 22,82,63,39,47,56,47,54,85,92,82,62,74,61,72,58,106,14,97,0,0,0,0,0,0,-178,-175,-219,-176,-151,-99,-199,-80,-60,-17,-102,-86,-107,-75,-152,-148,-241,-240,-464,-455,-371,-258,-319,-308,-437,-295,-290,-282,-774,-727,-1120,-912,-886,-625,-2345,-2052,-29976,-29976]} 1. d4 Nf6 2. c4 c5 3. d5 e6 4. Nc3 exd5 5. cxd5 d6 6. e4 g6 7. Bd3 Bg7 8. h3 O-O 9. Nf3 a6 10. a4 Re8 11. O-O Nbd7 12. Re1 Ne5 {A70: Modern Benoni: 6 e4 g6 7 Nf3} 13. Nxe5 Rxe5 14. Bf4 Nh5 {White is slightly better.} 15. Bxe5 Bxe5 16. Bf1 Qg5 17. Re3 Nf4 {next ...Nxh3+ is good for Black.} 18. Kh1 $146 ({Predecessor:} 18. Rg3 Qh4 19. Ra3 Bd7 20. Rb3 {1-0 (42) Saduakassova,D (2460)-Edouard,R (2621) Sitges 2017}) 18... h5 19. Ra2 (19. Qc2 $16) 19... h4 (19... Nxh3 $11 20. gxh3 Qf4) 20. Ne2 (20. Qf3 $16) 20... Nxe2 $1 $40 {[%mdl 128] Black has some attack.} 21. Bxe2 ({Much weaker is} 21. Rxe2 Qf4 $17) 21... Qf4 {[%csl Ge5][%cal Rf4h2]} 22. Qg1 Bd4 23. g3 $2 (23. Rf3 $11 Qxe4 {[%mdl 64] Double Attack} 24. b3) 23... hxg3 $19 24. Rxg3 Qxe4+ 25. Bf3 Qc2 (25... Qh4 $142 26. Bg2 Bd7) 26. b3 (26. b4 $17 {was the only chance.} Qf5 27. Re2) 26... Qf5 ({Inferior is} 26... Qxb3 27. Rxg6+ $1 {[%mdl 512]} fxg6 28. Qxg6+ Kf8 29. Qxd6+ Kf7 30. Bh5+ Kg8 31. Qg6+ Bg7 32. Qe8+ Kh7 33. Qg6+ Kh8 34. Qe8+ Kh7 35. Qg6+ Kh8 36. Qe8+ Kh7 $11) (26... Qxa2 $19 {is more deadly.} 27. Rxg6+ fxg6 28. Qxg6+ Kf8 $1 {[%mdl 512]} 29. Qxd6+ Kg7 $1 {[%mdl 512]} 30. Qe7+ Kg6 31. Be4+ Bf5 32. Qe6+ Kg7 $1 {[%mdl 512]} 33. Bxf5 Qa1+ 34. Kg2 Rg8) 27. Re2 $17 Bd7 {[%mdl 1024] Black has compensation.} 28. Be4 (28. Re7 $11 {remains equal.} Rd8 29. Qe1) 28... Qf4 {Played: Qf5-h5} 0-1

[Event "Hasselbacken Open 2019"]
[Site "Stockholm"]
[Date "2019.11.03"]
[Round "8.4"]
[White "Pantzar, Milton"]
[Black "Papunidi, Matvey"]
[Result "1-0"]
[WhiteElo "2376"]
[BlackElo "2083"]
[Annotator "TA"]
[PlyCount "79"]
[EventDate "2019.11.01"]
[EventCountry "SWE"]
[SourceTitle "playchess.com"]
[Source "ChessBase"]
[SourceQuality "1"]

{[%evp 9,79,22,37,25,39,20,19,15,27,14,24,19,16,15,18,0,25,-36,-32,-55,-42,-39,-43,-46,-8,-8,-8,-33,29,32,20,20,17,-8,-7,-42,-45,-50,-55,-54,-54,-62,-41,-36,-22,-24,-24,-33,-14,-20,-20,-19,120,120,124,120,125,125,170,172,162,153,171,164,193,168,404,202,295,312,1745,1694]} 1. d4 Nf6 2. c4 e6 3. Nc3 Nc6 4. Nf3 Bb4 5. Bd2 (5. Qc2 d6 6. Bd2 Qe7 7. e3 a5 8. a3 Bxc3 9. Bxc3 e5 10. d5 Nb8 11. Nd2 O-O 12. b3 c6 13. dxc6 Nxc6 14. Bd3 Be6 15. O-O d5 16. cxd5 Bxd5 17. Rfd1 Rac8 {½-½ (17) Wagner,D (2580)-Nisipeanu,L (2670) Skopje 2019}) 5... O-O 6. e3 {E21: Nimzo-Indian: 4 Nf3} d6 7. Bd3 e5 8. d5 {The position is equal.} Nb8 {[%cal Bc6b8,Bb8d7,Bd7c5][%mdl 32]} 9. Qc2 Nbd7 10. a3 Bxc3 11. Bxc3 Nc5 12. Nd2 $146 ({Predecessor:} 12. Be2 Nfe4 13. b4 Bf5 14. bxc5 {0-1 (41) Vasiljev,J (2076)-Buckels,V (2250) Goch 2016}) 12... a5 (12... Nxd3+ {is more complex.} 13. Qxd3 Re8 14. O-O c6 15. Rfc1 a5) 13. b4 (13. O-O $11) 13... axb4 $15 14. axb4 Rxa1+ 15. Bxa1 Nxd3+ 16. Qxd3 Qd7 (16... b5 $5) 17. O-O Qf5 18. e4 Qg6 (18... Qg5 $15) 19. f4 $11 exf4 20. Rxf4 Qg5 21. Rf1 Nh5 22. Nf3 Qxg2+ {[%mdl 64] Decoy} 23. Kxg2 Nf4+ {[%mdl 64] Double Attack} 24. Kg3 Nxd3 25. Bc3 f6 26. Rd1 Ne5 27. Nxe5 fxe5 {[%mdl 4096] Endgame KRB-KRB} 28. Bd2 h6 29. c5 Bd7 30. Ra1 Kf7 {[#]} (30... Rb8 $11) 31. Ra7 $1 $16 {[%cal Ra7b7][%mdl 1024] White has strong compensation.} Rb8 {[#]} 32. c6 $1 {[%mdl 512]} Bc8 (32... bxc6 33. Rxc7) 33. b5 {[%cal Bb4b5,Bb5c6,Bc6c7][%mdl 32] Threatens to win with b6!} Kf6 {[#]} 34. Ba5 $1 {[%cal Ra5c7]} bxc6 35. bxc6 Rb3+ 36. Kf2 Bg4 {White must now prevent ...Rf3+.} 37. Bxc7 Bf3 $2 (37... Rf3+ 38. Kg2 Rc3) 38. Bd8+ Kg6 39. c7 Rc3 $2 {[#]} (39... Bg4 40. Be7 Rb4) 40. Ra3 $1 {[%mdl 576] Promotion. Accuracy: White = 75%, Black = 34%.} 1-0

[Event "Hasselbacken Open 2019"]
[Site "Stockholm"]
[Date "2019.11.03"]
[Round "8.5"]
[White "Sorensen, Hampus"]
[Black "Dudin, Gleb"]
[Result "1/2-1/2"]
[WhiteElo "2330"]
[BlackElo "2314"]
[Annotator "TA"]
[PlyCount "215"]
[EventDate "2019.11.01"]
[EventCountry "SWE"]
[SourceTitle "playchess.com"]
[Source "ChessBase"]
[SourceQuality "1"]

{[%evp 14,214,34,28,22,15,23,0,12,20,33,0,15,0,0,-8,0,-15,0,0,0,0,7,-18,0,-50,-10,-32,-37,-37,-41,-34,-32,-36,-31,-20,-20,-24,-20,-47,-19,-37,0,0,-17,-16,-19,-20,-6,-178,-192,-189,-178,-336,-95,-93,-86,-198,-187,-159,-165,-164,-14,-78,-52,-119,-129,-127,-122,-139,-128,-122,-137,-147,-114,-122,-131,-595,-582,-718,-822,-706,-231,-629,-629,-629,-629,-629,-629,-452,-452,-452,-452,-629,-629,-629,-629,-4978,-4751,-4173,-595,-4178,0,-4151,-4151,-4016,-3912,-3662,-1065,-3674,-945,-2952,-2857,-3009,-2710,-2035,-1935,-1308,-1007,-920,0,0,0,0,0,0,0,0,0,0,0,0,0,0,0,0,0,0,0,0,0,0,0,0,0,0,0,0,0,0,0,0,0,0,0,0,0,0,0,0,0,0,0,0,0,0,0,0,0,0,0,0,0,0,0,0,0,0,0,0,0,0,0,0,0,0,0,0,0,0,0,0,0,0,0,0,0,0,0,0,0,0,738]} 1. d4 Nf6 2. c4 e6 3. Nf3 Bb4+ 4. Bd2 c5 5. Bxb4 cxb4 6. g3 b6 7. Bg2 Bb7 8. O-O a5 {E16: Queen's Indian: 4 g3 Bb7 5 Bg2 Bb4+} 9. d5 O-O $146 ({Predecessor:} 9... exd5 10. Nh4 g6 11. cxd5 O-O 12. Nd2 d6 13. e4 Ba6 14. Re1 Nbd7 15. Ndf3 Ng4 16. Bh3 {½-½ (24) Pechac,J (2449)-Balogh,C (2629) Slovakia 2019}) 10. Nh4 Qc8 {The position is equal.} 11. Nd2 d6 12. dxe6 fxe6 13. Qb3 Na6 14. Qe3 Nc5 15. Rad1 Re8 16. Nb3 Bxg2 17. Nxg2 Qc7 18. Nf4 Rad8 19. Nd2 Qc6 20. Nf3 Qa4 21. Ra1 $1 Qc2 22. Qc1 Qe4 23. Nd2 Qb7 24. Qc2 Rc8 25. Rad1 b5 {[%cal Bb6b5,Bb5c4,Bc4c3][%mdl 32]} 26. Qb1 Red8 27. Nb3 bxc4 28. Nxc5 dxc5 29. Nxe6 Re8 $36 {[%mdl 2048] Black is pushing.} 30. Nf4 $1 Qf7 31. h4 $2 (31. f3 $11 {and White stays safe.}) 31... Ne4 $19 32. Rd5 c3 33. Rfd1 $2 (33. Rc1) 33... Rc7 $2 (33... cxb2 $19 {has better winning chances.} 34. Qxb2 Nc3 {[%mdl 64] Double Attack}) 34. Rd8 Rce7 35. h5 (35. b3 $17) 35... cxb2 36. Qxb2 Nc3 37. R1d2 {[#]} Qc4 ({Better is} 37... Nxe2+ $1 $19 {[%mdl 512]} 38. Nxe2 (38. Rxe2 Rxe2) 38... Rxe2 39. Rxe8+ Rxe8) 38. Qc2 (38. Qc1 $11) 38... Qe4 $1 $17 {[%cal Re4c2]} 39. Qb2 (39. R8d3 $15) 39... c4 40. R2d4 Nxe2+ 41. Nxe2 Qxe2 42. Qxe2 Rxe2 43. Rxe8+ Rxe8 44. Rxc4 {[%mdl 4096] Endgame KR-KR} Re2 45. a3 $2 {[%mdl 8192]} (45. Rc8+ $17 Kf7 46. Rc7+ Kf8 47. Rc8+ Kf7 48. Rc7+ Kf8 49. Rc8+ Ke7 50. Rc7+ Kf6 51. Rc6+ Kf7 52. Rc7+) 45... b3 $19 46. Kg2 Rc2 47. Rd4 Ra2 $2 (47... b2 48. Rd8+ Kf7) 48. a4 $2 {[#]} (48. h6 gxh6 49. Rd8+ Kf7 50. Rh8) 48... Rxa4 $1 {[%mdl 576] Promotion} 49. Rxa4 b2 50. Rxa5 b1=Q {KQ-KR} 51. Ra8+ Kf7 52. Ra7+ Kf6 53. Ra6+ Kg5 54. Ra5+ {[#]} Kh6 $1 55. f4 Qc2+ 56. Kh3 Qc8+ 57. Kh2 Qc2+ 58. Kh3 Qd1 59. Rg5 Qg1 60. Kh4 Qg2 61. Re5 Qh1+ 62. Kg4 g6 63. hxg6 Kxg6 64. Rg5+ Kf6 65. Rf5+ Kg7 66. Rg5+ Kh6 $2 (66... Kf7 $19 67. Rf5+ Kg7 68. Rg5+ Kh8) 67. Kf5 $1 $11 Qd5+ 68. Kg4 Qe4 69. Kh3 Qf3 70. Kh2 Qf2+ 71. Kh1 Qd2 72. Kg1 Qe2 73. Kh1 $1 Qf2 {Threatens to win with ...Qd2.} 74. Rg8 Qf3+ 75. Kh2 Qe2+ 76. Kh1 Qf3+ 77. Kh2 Qh5+ 78. Kg1 Qc5+ 79. Kh2 Qc2+ 80. Kh3 Qd2 81. Rg4 {[#]} Qd7 $1 {( -> ...Kh5)} 82. Kh4 Qf5 {[%csl Gh6][%cal Rf5h5]} 83. Rg5 Qc8 84. Rg4 $1 Qd7 (84... Qc1 {feels hotter.} 85. Rg5 Qd1 86. Kh3 Qe2 87. Kh4 Qf3) 85. Rg5 Qe6 86. Re5 Qd7 87. Rg5 $1 Qc8 88. Rg4 $1 Qc6 {[%cal Rc6h1]} 89. Rg5 Qg2 90. Kg4 $1 Qh1 91. Kf5 $1 Qd1 92. Ke4 Qe2+ 93. Kf5 Qf3 94. Ke5 Qd3 {Strongly threatening ...Qe3+.} 95. Ke6 Qe4+ 96. Kf6 Qe8 {And now ...Qe4 would win.} 97. Kf5 Qe2 98. Kf6 Qe4 {aiming for ...Qe3.} 99. Kf7 Qc6 100. Ke7 Qa6 101. Kf7 Qd6 102. Rg8 Qd5+ 103. Kf8 Qe6 {Hoping for ...Qc8+.} 104. Rg5 Qd7 {...Qe6 is the strong threat.} 105. Rg8 $1 Qe6 {White must now prevent ...Qd6+.} 106. Rg5 Qf6+ 107. Ke8 Qe7+ 108. Kxe7 {Accuracy: White = 53%, Black = 52%.} 1/2-1/2

[Event "Hasselbacken Open 2019"]
[Site "Stockholm"]
[Date "2019.11.03"]
[Round "8.6"]
[White "Engstrom, Kaj"]
[Black "Mirzoev, Emil"]
[Result "0-1"]
[WhiteElo "2220"]
[BlackElo "2455"]
[Annotator "TA"]
[PlyCount "68"]
[EventDate "2019.11.01"]
[EventCountry "SWE"]
[SourceTitle "playchess.com"]
[Source "ChessBase"]
[SourceQuality "1"]

{[%evp 21,68,-26,-8,-22,29,25,22,25,8,-29,-26,-28,-36,-51,-14,-37,-24,-13,-25,-15,0,-48,-43,-75,-62,-60,-32,-31,-31,-25,-14,-43,-44,-45,-35,-18,-15,-172,-178,-171,-171,-169,-173,-210,-209,-316,-306,-291,-284]} 1. e4 e6 2. d4 d5 3. e5 c5 4. c3 Nc6 5. Nf3 Qb6 6. Be2 cxd4 7. cxd4 Nh6 8. Nc3 Nf5 9. Bb5 Bd7 10. Bxc6 Bxc6 11. O-O Be7 12. Rb1 {C02: French: Advance Variation} (12. Na4 Qa5 {½-½ (12) Ayats Llobera,G (2246)-Lorenzo de la Riva,L (2379) Llinars del Valles 2017}) 12... Rc8 (12... Bb4 $142 13. Qd3 Rc8) 13. g4 $11 Nh4 14. Nxh4 {The position is equal.} Bxh4 15. Be3 $146 {[#] Strongly threatening g5.} ({Predecessor:} 15. g5 h5 16. gxh6 gxh6 17. Qg4 Be7 18. Be3 Kd7 {½-½ (33) Ulriksen,K (1301)-Mauro,D (1471) IECC email 2005}) 15... Be7 16. f4 O-O 17. g5 Kh8 18. Rf3 f6 19. exf6 gxf6 20. Rh3 {White threatens Qh5! and mate.} Rg8 {[%cal Rf6g5]} 21. Qd3 {[%csl Gd3][%cal Rh3h7]} Rg7 $1 {[%cal Rf6g5]} 22. Kh1 fxg5 23. fxg5 {Threatening Bf4.} Be8 (23... e5 $5) 24. Qd2 $1 Bg6 {aiming for ...Rxc3.} 25. Rf1 Kg8 26. Bf4 Rf7 {Threatens to win with ...e5!} 27. Rhf3 Rcf8 {White must now prevent ...Bxg5!} 28. R3f2 Qa6 29. Bg3 $2 {[#]} (29. Qe3 $11) 29... Rxf2 $1 $40 {[%mdl 128] Black wants a kill.} ({But not} 29... Qxf1+ 30. Rxf1 Rxf1+ 31. Kg2 $17) 30. Rxf2 Rxf2 31. Qxf2 Bxg5 32. Be5 Qd3 33. Bf4 (33. Kg2 $142) 33... Be4+ 34. Kg1 Bxf4 {Accuracy: White = 28%, Black = 62%.} 0-1

[Event "Hasselbacken Open 2019"]
[Site "Stockholm"]
[Date "2019.11.03"]
[Round "8.8"]
[White "Kononenko, Dmitry"]
[Black "Ask, Josef"]
[Result "1-0"]
[WhiteElo "2613"]
[BlackElo "2160"]
[Annotator "TA"]
[PlyCount "150"]
[EventDate "2019.11.01"]
[EventCountry "SWE"]
[SourceTitle "playchess.com"]
[Source "ChessBase"]
[SourceQuality "1"]

{[%evp 13,150,4,46,17,26,-14,0,0,0,-10,0,0,14,11,43,30,38,43,38,36,41,47,45,38,39,34,38,25,38,38,29,31,35,29,36,37,42,30,33,38,44,0,0,0,0,10,16,8,19,0,0,0,0,0,0,0,0,0,8,8,21,14,23,0,0,0,0,0,0,0,0,0,0,0,8,8,8,8,8,8,8,8,8,8,8,0,8,0,0,0,0,0,0,0,8,0,8,8,8,0,8,0,8,8,59,59,59,59,59,59,59,59,2451,1839,12844,11540,29962,29961,29965,12652,29966,29968,29969,29970,29970,29971,29972,29970,29969,29972,29974,29975,29978,29979,29983,29984,29985,29986,29984]} 1. Nf3 Nf6 2. c4 d6 3. g3 g6 4. Bg2 Bg7 5. Nc3 O-O 6. O-O e5 7. d3 h6 8. Bd2 {A24: English Opening vs King's Indian: Lines without ...Nc6} (8. Rb1 a5 9. a3 Re8 10. Nd2 Nh7 11. Qc2 Nc6 12. e3 h5 13. Nd5 h4 14. b4 axb4 15. axb4 Ng5 16. f4 exf4 17. Rxf4 hxg3 18. hxg3 {0-1 (53) Pancevski,F (2514)-Pavlidis,A (2549) Patras 2019}) 8... Re8 9. Ne1 Nc6 $146 ({Predecessor:} 9... c6 10. Rb1 Be6 11. Nc2 d5 12. cxd5 cxd5 13. d4 e4 14. b4 Nbd7 15. Ne3 Nb6 {0-1 (31) Tsigelnitskiy,I (2342)-Laptii,N (1925) Minsk 2018}) 10. Rb1 {The position is equal.} a5 11. a3 Be6 12. Nd5 Kh7 13. Nc2 Qd7 14. Nce3 Ng8 15. b4 axb4 16. axb4 Nd4 17. b5 Reb8 18. Nc2 Nf6 19. Ncb4 Nxd5 20. Nxd5 Bg4 21. Re1 Ra2 22. Nb4 Ra3 23. Bc1 Raa8 24. Bb2 h5 25. Bxd4 exd4 26. Ra1 Qc8 27. Bd5 Be6 28. Qd2 Bh6 29. Qb2 Bg7 30. Rxa8 Rxa8 31. Ra1 (31. Bxe6 {feels hotter.} fxe6 32. Nc2 c5 33. bxc6 bxc6 34. Rb1) 31... Rxa1+ 32. Qxa1 Bxd5 33. Nxd5 c6 34. bxc6 bxc6 35. Nb4 c5 36. Nd5 h4 37. Qa7 Qe6 38. Qe7 (38. Nf4 {is more complex.} Qe8 39. Qc7 Bf8 40. Qb7 hxg3 41. hxg3 Bh6 42. Nd5) 38... Qxe7 39. Nxe7 hxg3 40. fxg3 $11 {[%mdl 4096] Endgame KB-KN} Bf8 41. Nd5 g5 42. g4 Kg6 43. Kg2 Bg7 44. Kf3 Be5 45. h3 Bh2 46. Ke4 Be5 47. Nb6 Kf6 $1 48. Kd5 {[#] Threatens to win with Nd7+.} Ke7 $1 49. Na4 {Black must now prevent Nxc5!} Bg3 50. Nb2 Bh2 51. Nd1 Bg1 52. Nb2 Bh2 53. Na4 Bg3 54. Nb6 Bh2 55. Kc6 Ke6 56. Nd5 Bg3 57. Kc7 Bh2 58. Kd8 Bg3 (58... f5 $1 $11) 59. Nc7+ $14 Ke5 60. Ke7 f5 61. gxf5 Kxf5 62. Nb5 Be1 $2 {[%mdl 8192]} (62... Bh2 $14) 63. Kxd6 $18 Bb4 64. Nc7 Kf4 65. Ne6+ Ke3 66. Kd5 Kxe2 67. Ke4 {White mates.} Kf2 68. Nxg5 Kg3 69. Ne6 Ba3 {[#]} 70. h4 $1 {[%mdl 512]} Kxh4 71. Kd5 Kg4 72. Nxc5 Kf4 73. Ne6+ Ke3 74. c5 Bb4 75. c6 Ba5 {Accuracy: White = 75%, Black = 43%.} 1-0

[Event "Hasselbacken Open 2019"]
[Site "Stockholm"]
[Date "2019.11.03"]
[Round "8.9"]
[White "Johansson, Gunnar"]
[Black "Walinder, Lars"]
[Result "1/2-1/2"]
[WhiteElo "2252"]
[BlackElo "2299"]
[Annotator "ChessBase"]
[PlyCount "30"]
[EventDate "2019.11.01"]
[EventCountry "SWE"]
[SourceTitle "playchess.com"]
[Source "ChessBase"]
[SourceQuality "1"]
[TimeControl "5400+30"]

1. d4 {[%emt 0:00:00]} d5 {[%emt 0:00:00]} 2. c4 {[%emt 0:00:00]} e6 {[%emt 0:00:00]} 3. Nc3 {[%emt 0:00:00]} Nf6 {[%emt 0:00:47]} 4. Nf3 {[%emt 0:00:10]} Be7 {[%emt 0:00:22]} 5. Bf4 {[%emt 0:00:07]} O-O {[%emt 0:00:22]} 6. e3 {[%emt 0:00:09]} b6 {[%emt 0:00:20]} 7. Bd3 {[%emt 0:00:33]} dxc4 {[%emt 0:01:40]} 8. Bxc4 {[%emt 0:00:45]} Ba6 {[%emt 0:00:08]} 9. Qe2 {[%emt 0:03:11]} Qc8 {[%emt 0:05:20]} 10. O-O {[%emt 0:02:37]} c5 {[%emt 0:02:46]} 11. dxc5 {[%emt 0:02:32]} Bxc5 {[%emt 0:02:26]} 12. Bxa6 {[%emt 0:05:28]} Nxa6 {[%emt 0:01:40]} 13. Rfd1 {[%emt 0:06:24]} Qb7 {[%emt 0:02:13]} 14. Ne5 {[%emt 0:12:58]} Rfd8 {[%emt 0:03:17]} 15. Rxd8+ {[%emt 0:04:42]} Rxd8 {[%emt 0:00:42]} 1/2-1/2